Minecraft Wood Blocks - Statistics

General Stats
  • This quiz has been taken 129 times
    90 since last reset
  • The average score is 10 of 12
Answer Stats
Type % Correct
Oak Wood
100%
Birch Wood
99%
Dark Oak Wood
97%
Spruce Wood
93%
Acacia Wood
89%
Jungle Wood
88%
Cherry Wood
83%
Mangrove Wood
75%
Pale Oak Wood
73%
Crimson Wood
71%
Warped Wood
71%
Bamboo Wood
59%
No matching quizzes found
Score Distribution
Percent of People with Each Score
Percentile by Number Answered
Your Score History
You have not taken this quiz since the last reset